| 000 | 00831nac a22002051u 4500 | ||
|---|---|---|---|
| 008 | 101010t xxu||||| |||| 00| 0 eng d | ||
| 010 | _a 74016350 | ||
| 020 | _a007134103X | ||
| 020 | _a9780071341035 | ||
| 082 | 0 | 0 |
_a692.3 _bSTI |
| 100 |
_aStitt ,Fred A. _920205 |
||
| 245 | 1 | 0 |
_aConstruction Specifications Portable Handbook / _cFred A Stitt |
| 260 |
_aNew York: _bMcGraw-Hill, _cc1999. |
||
| 300 |
_a378 p. : _bill. ; _c20 cm. |
||
| 490 |
_920202 _aMcGraw-Hill Portable Architecture |
||
| 490 |
_920203 _aPortable Handbook Series |
||
| 650 | 0 |
_aBuildings _xSpecifications _920204 _vHandbooks, manuals, etc. |
|
| 942 |
_cNB _k692.3 STI _2ddc |
||
| 999 |
_c2920 _d2920 |
||